000
00329nam a22001457a 4500
008
230516b ||||| |||| 00| 0 eng d
020
_a
9781559391276
041
_a
eng
080
_a
159.9
082
_a
159.9HOU
100
_a
25
101
_a
PSI
245
_a
CONSCIOUSNESS AT THE CROSSROADS
_c
HOUSHMAND.Z
942
_2
udc
_c
BK
999
_c
59745
_d
59745